书目信息 |
| 题名: |
稀土永磁电机
|
|
| 作者: | 李钟明 , 刘卫国 著 | |
| 分册: | ||
| 出版信息: | 北京 国防工业出版社 1999 |
|
| 页数: | 328页 | |
| 开本: | 20cm | |
| 丛书名: | ||
| 单 册: | ||
| 中图分类: | TM351 | |
| 科图分类: | ||
| 主题词: | 稀土永磁材料--永磁式电机--基本知识 | |
| 电子资源: | ||
| ISBN: | 7-118-01943-7 | |
| 000 | 00612nam0 2200205 45 | |
| 001 | 0306041587 | |
| 005 | 20031219104110.7 | |
| 010 | @a7-118-01943-7@b精装@dCNY21.00 | |
| 100 | @a20030604d1999 km y0chiy0120 ea | |
| 101 | 0 | @achi |
| 105 | @af z 000yy | |
| 200 | 1 | @a稀土永磁电机@AXi Tu Yong Ci Dian Ji@f李钟明,刘卫国著@FLi Zhong Ming,Liu Wei Guo Zhu |
| 210 | @a北京@c国防工业出版社@d1999 | |
| 215 | @a328页@c附图版@d20cm | |
| 606 | 0 | @a稀土永磁材料@x永磁式电机@x基本知识 |
| 690 | @aTM351@v4 | |
| 701 | 0 | @a李钟明@4著 |
| 701 | 0 | @a刘卫国@4著 |
| 801 | @aCN@bTSTC@c20030604 | |
| 905 | @b323795-799@dTM351@e27@f5 | |
| 稀土永磁电机/李钟明,刘卫国著.-北京:国防工业出版社,1999 |
| 328页:附图版;20cm |
| ISBN 7-118-01943-7(精装):CNY21.00 |
| ● |
| 相关链接 |
|
|
|
|
正题名:稀土永磁电机
索取号:TM351/27
 
预约/预借
| 序号 | 登录号 | 条形码 | 馆藏地/架位号 | 状态 | 备注 |
| 1 | 0323795 | 203237951 | 第三借阅区/ [索取号:TM351/27] | 在馆 | |
| 2 | 0323796 | 203237960 | 第三借阅区/ [索取号:TM351/27] | 在馆 | |
| 3 | 0323797 | 203237979 | 第三借阅区/ [索取号:TM351/27] | 在馆 | |
| 4 | 0323798 | 203237988 | 第三借阅区/ [索取号:TM351/27] | 在馆 | |
| 5 | 0323799 | 203237997 | 第二样本阅览室/ [索取号:TM351/27] | 在馆 |